[Event "Calabria Province-ch"]
[Site "San Fili"]
[Date "2007.06.09"]
[Round "3"]
[White "Paragliola, Gennaro"]
[Black "Marincolo, Piercarlo"]
[Result "0-1"]
[WhiteElo "1451"]
[BlackElo "1727"]
[PlyCount "110"]
[EventDate "2007.06.08"]
[EventType "swiss"]
[EventRounds "5"]
[EventCountry "ITA"]
[SourceTitle "EXT 2010"]
[Source "ChessBase"]
[SourceDate "2010.11.25"]
[SourceVersion "1"]
[SourceVersionDate "2010.11.25"]
[SourceQuality "1"]

1. d4 f5 2. c4 Nf6 3. Nc3 g6 4. Nf3 d6 5. Bg5 Bg7 6. Qd2 0-0 7. Bh6 Rf7 8. Bxg7 Rxg7 9. e3 c6 10. Be2 Qe8 11. 0-0 e5 12. dxe5 dxe5 13. Qd6 Nbd7 14. Rfd1 Re7 15. c5 Kg7 16. Bc4 b5 17. cxb6 Nxb6 18. Bb3 Be6 19. Bxe6 Rxe6 20. Qc5 Nfd7 21. Qb4 Rb8 22. Ng5 Rf6 23. Qb3 h6 24. Nf3 e4 25. Nd4 c5 26. Ndb5 a6 27. Nc7 Qc8 28. N7d5 Nxd5 29. Qxd5 Nb6 30. Qe5 Nc4 31. Qd5 Nxb2 32. Rdb1 Nd3 33. Rxb8 Qxb8 34. Rb1 Qf8 35. Qb7+ Qf7 36. Qc8 Qc4 37. Rb8 g5 38. Qh8+ Kg6 39. Rg8+ Kh5 40. Qxf6 Qxg8 41. Qxf5 Qc4 42. g4+ Kh4 43. Nxe4 Qc1+ 44. Kg2 Ne1+ 45. Kf1 Nd3+ 46. Kg2 Ne1+ 47. Kf1 Kh3 48. Ke2 Ng2 49. Qf3+ Kxh2 50. Qg3+ Kg1 51. f4 gxf4 52. Qf2+ Kh1 53. Kf3 Qd1+ 54. Qe2 Nh4+ 55. Kf2 Qg1# 0-1

[Event "CS Province-ch"]
[Site "Amantea"]
[Date "2007.01.07"]
[Round "4"]
[White "Marincolo, Piercarlo"]
[Black "Olivo, Paolo"]
[Result "1-0"]
[WhiteElo "1709"]
[BlackElo "1658"]
[PlyCount "79"]
[EventDate "2007.01.05"]
[EventType "swiss"]
[EventRounds "5"]
[EventCountry "ITA"]
[SourceTitle "EXT 2010"]
[Source "ChessBase"]
[SourceDate "2010.11.25"]
[SourceVersion "1"]
[SourceVersionDate "2010.11.25"]
[SourceQuality "1"]

1. e4 c6 2. d4 d5 3. Nd2 dxe4 4. Nxe4 Bf5 5. Ng3 Bg6 6. h4 h6 7. Nf3 Nd7 8. Bd3 Bxd3 9. Qxd3 Qc7 10. Bd2 e6 11. 0-0-0 Ngf6 12. Ne4 Nxe4 13. Qxe4 Nf6 14. Qe2 Bd6 15. Rhe1 0-0-0 16. Kb1 Rhe8 17. c4 Nd7 18. Bc3 f6 19. Rc1 e5 20. d5 c5 21. Qc2 Nb6 22. Ba5 Qd7 23. g3 Kb8 24. Re3 f5 25. Nd2 g5 26. hxg5 hxg5 27. Nf3 f4 28. gxf4 gxf4 29. Re4 Qg4 30. Qe2 Rd7 31. Rg1 Qh5 32. b3 Nc8 33. Bc3 Ree7 34. Kb2 Nb6 35. Rg5 Qh6 36. Bxe5 Bxe5+ 37. Rgxe5 Qf6 38. Ka3 Rxe5 39. Rxe5 Nxc4+ 40. Qxc4 1-0

[Event "CS Province-ch"]
[Site "Amantea"]
[Date "2007.01.07"]
[Round "5"]
[White "Marincolo, Piercarlo"]
[Black "Piccoli, Vincenzo"]
[Result "0-1"]
[WhiteElo "1709"]
[BlackElo "1727"]
[PlyCount "126"]
[EventDate "2007.01.05"]
[EventType "swiss"]
[EventRounds "5"]
[EventCountry "ITA"]
[SourceTitle "EXT 2010"]
[Source "ChessBase"]
[SourceDate "2010.11.25"]
[SourceVersion "1"]
[SourceVersionDate "2010.11.25"]
[SourceQuality "1"]

1. e4 c5 2. Nf3 d6 3. d4 cxd4 4. Nxd4 Nf6 5. Nc3 a6 6. Be3 e6 7. f3 b5 8. g4 Bb7 9. h4 Nfd7 10. g5 Nb6 11. a3 N8d7 12. Qd2 Rc8 13. h5 Qc7 14. 0-0-0 Ne5 15. Qf2 Nec4 16. Bxc4 Nxc4 17. g6 Nxa3 18. gxf7+ Qxf7 19. Rd3 Nc4 20. Qg3 Nxe3 21. Rxe3 Be7 22. e5 d5 23. Qg4 Rc4 24. Rd3 Bc8 25. b3 Rc7 26. Rg1 0-0 27. Kb1 Bc5 28. h6 Bxd4 29. Qxd4 Qf4 30. Rxg7+ Rxg7 31. hxg7 Kxg7 32. Qa7+ Kg6 33. Qb8 b4 34. Na4 a5 35. Qc7 Ba6 36. Rd1 h5 37. Nc5 Bc8 38. Nd3 Qe3 39. Qe7 Rf7 40. Qe8 Bd7 41. Qg8+ Rg7 42. Qf8 Rf7 43. Qh8 Rg7 44. f4 a4 45. Re1 Qd4 46. Re2 Qg1+ 47. Ka2 axb3+ 48. cxb3 Bb5 49. Nc5 Ra7+ 50. Na4 Bxe2 51. Qg8+ Rg7 52. f5+ Kxf5 53. Qf8+ Kxe5 54. Qb8+ Ke4 55. Qxb4+ Qd4 56. Nc5+ Ke3 57. Qxd4+ Kxd4 58. Nxe6+ Ke5 59. Nxg7 h4 60. b4 Kf6 61. Ne8+ Kg5 62. Nd6 h3 63. Ne4+ dxe4 0-1

[Event "CS Province-ch"]
[Site "Amantea"]
[Date "2007.01.06"]
[Round "2"]
[White "Marincolo, Piercarlo"]
[Black "Scerbo, Antonio"]
[Result "1-0"]
[WhiteElo "1709"]
[BlackElo "2117"]
[PlyCount "101"]
[EventDate "2007.01.05"]
[EventType "swiss"]
[EventRounds "5"]
[EventCountry "ITA"]
[SourceTitle "EXT 2010"]
[Source "ChessBase"]
[SourceDate "2010.11.25"]
[SourceVersion "1"]
[SourceVersionDate "2010.11.25"]
[SourceQuality "1"]

1. e4 c5 2. Nf3 Nc6 3. d4 cxd4 4. Nxd4 Nf6 5. Nc3 e5 6. Ndb5 d6 7. Bg5 a6 8. Na3 b5 9. Bxf6 gxf6 10. Nd5 Bg7 11. c3 Ne7 12. Nc2 Nxd5 13. exd5 0-0 14. Be2 f5 15. 0-0 f4 16. Re1 Qg5 17. f3 Rb8 18. Nb4 Re8 19. Bf1 f5 20. Qd3 Qg6 21. Qd2 e4 22. Qxf4 Be5 23. Qh4 exf3 24. Nc6 Rb7 25. Kh1 Rg7 26. Qf2 fxg2+ 27. Bxg2 Bd7 28. Bf3 Kh8 29. Rg1 Qh6 30. Rxg7 Qxg7 31. Rg1 Qh6 32. Qg2 Bf4 33. Bh5 Rf8 34. Ne7 Bg5 35. Qxg5 Qxg5 36. Rxg5 f4 37. Rg1 Bh3 38. b3 f3 39. Bxf3 Re8 40. Nc6 Re3 41. Bh5 Rxc3 42. Nd8 h6 43. Nf7+ Kh7 44. Nxd6 Rc5 45. Ne8 Rc8 46. d6 Be6 47. Nf6+ Kh8 48. Re1 Bh3 49. Re8+ Rxe8 50. Bxe8 Kg7 51. d7 1-0

[Event "Calabria Province-ch"]
[Site "Catanzaro"]
[Date "2006.06.02"]
[Round "1"]
[White "Zampaglione, Francesco"]
[Black "Marincolo, Piercarlo"]
[Result "0-1"]
[WhiteElo "1437"]
[BlackElo "1679"]
[PlyCount "82"]
[EventDate "2006.06.02"]
[EventType "swiss"]
[EventRounds "6"]
[EventCountry "ITA"]
[SourceTitle "EXT 2024"]
[Source "ChessBase"]
[SourceDate "2023.10.10"]
[SourceVersion "1"]
[SourceVersionDate "2023.10.10"]
[SourceQuality "1"]

1. d4 d5 2. c4 c6 3. Nf3 Nf6 4. Nc3 Bf5 5. Bf4 e6 6. Qb3 Qc8 7. e3 Be7 8. Be2 0-0 9. 0-0 Rd8 10. Rfd1 h6 11. h3 Bd6 12. Bxd6 Rxd6 13. c5 Rd8 14. Bd3 Bxd3 15. Rxd3 Nbd7 16. Re1 Ne4 17. Ne5 Nxe5 18. dxe5 Nxc5 19. Qc2 Nxd3 20. Qxd3 Qc7 21. f4 b5 22. Qd4 a6 23. b4 Rac8 24. Qc5 Qd7 25. Rd1 Qb7 26. a3 Rd7 27. a4 Qa7 28. Qd4 c5 29. bxc5 Qxc5 30. Qxc5 Rxc5 31. Rd3 b4 32. Na2 a5 33. e4 Rc2 34. Nxb4 axb4 35. Rb3 Rc4 36. exd5 Rxd5 37. g3 Ra5 38. Kf2 Rxa4 39. Ke2 Ra3 40. Rb2 Rxg3 41. h4 Rg2+ 0-1

[Event "Cosenza Province-ch"]
[Site "Rossano"]
[Date "2006.02.19"]
[Round "2"]
[White "Ielapi, Vito"]
[Black "Marincolo, Piercarlo"]
[Result "1-0"]
[WhiteElo "2001"]
[BlackElo "1673"]
[PlyCount "79"]
[EventDate "2006.02.18"]
[EventType "swiss"]
[EventRounds "6"]
[EventCountry "ITA"]
[SourceTitle "EXT 2024"]
[Source "ChessBase"]
[SourceDate "2023.10.10"]
[SourceVersion "1"]
[SourceVersionDate "2023.10.10"]
[SourceQuality "1"]

1. e4 c5 2. Nf3 Nc6 3. d4 cxd4 4. Nxd4 Nf6 5. Nc3 e5 6. Nb3 Bb4 7. Bd3 d6 8. 0-0 Qc7 9. Nd5 Nxd5 10. exd5 Ne7 11. c3 Bc5 12. Nxc5 Qxc5 13. c4 0-0 14. Qh5 f5 15. Be3 Qc7 16. Rac1 e4 17. Bb1 b6 18. Bd4 Ng6 19. f3 Nf4 20. Qg5 Ne2+ 21. Kh1 Nxd4 22. Qe3 exf3 23. gxf3 Nc6 24. dxc6 Qxc6 25. b4 Bb7 26. c5 Rae8 27. Qb3+ Kh8 28. b5 Qc7 29. c6 Bc8 30. Rfe1 a5 31. Qd5 Re5 32. Rxe5 dxe5 33. Rd1 e4 34. fxe4 fxe4 35. Qxe4 Bf5 36. Qxf5 Rxf5 37. Bxf5 Qe7 38. Bh3 Qf6 39. Rf1 Qe7 40. c7 1-0